Normal view
MARC view
Entry Personal Name
001 - CONTROL NUMBER
- control field: 13175
003 - CONTROL NUMBER IDENTIFIER
- control field: BD-RjUL
005 - DATE AND TIME OF LATEST TRANSACTION
- control field: 20240526124938.0
008 - FIXED-LENGTH DATA ELEMENTS
- fixed length control field: 240526|| aca||aabn | a|a d
040 ## - CATALOGING SOURCE
- Original cataloging agency: BD-RjUL
- Transcribing agency: BD-RjUL
100 ## - HEADING--PERSONAL NAME
- Personal name: Haque, Md. Tajimul, Supervisor
670 ## - SOURCE DATA FOUND
- Source citation: Work cat.: (BD-RjUL)83821: Ahsan, Md. Kamrul, Evaluation and Utilization of Genetic Variability in Hybrid, Indigenous and Exotic Varieties of Mulberry Silkworm, Bombyxmori L. /, 2003